00517nam a2200181 a 4500001001300000003000900013005001700022008004100039020001000080082001500090245003100105260004400136300000800180500003500188505005600223650002900279710002700308nice12345678IN_TiNIC20260116015158.0050524s1999 hyda grp 000 0 eng  ac10000a305.4bHMI aWomen`s Interfaith Journey aHyderabadbHenry Martyn Institutec1999 a12p aincludes index and biblioraphy2 aThesis for post graduate diploma in Islamic studies aWomen-Interfaith Journey2 aHenry Martyn Institute